Biopiracy The Plunder of Nature and Knowledge (Record no. 248182)

MARC details
000 -LEADER
fixed length control field 00305pam a2200121 a 4500
020 ## - INTERNATIONAL STANDARD BOOK NUMBER
Terms of availability
041 ## - LANGUAGE CODE
Language code of original
100 ## - MAIN ENTRY--PERSONAL NAME
Personal name Vandana Shiva,
Relator term Author.
245 ## - TITLE STATEMENT
Title Biopiracy The Plunder of Nature and Knowledge
Medium Textual Documents
260 ## - PUBLICATION, DISTRIBUTION, ETC.
Place of publication, distribution, etc. [s.l]:
Name of publisher, distributor, etc. Natraj Publisher Dehar Dun
300 ## - PHYSICAL DESCRIPTION
Extent 148.
930 ## - EQUIVALENCE OR CROSS-REFERENCE-UNIFORM TITLE HEADING [LOCAL, CANADA]
Uniform title 2331
Holdings
Withdrawn status Lost status Damaged status Not for loan Home library Current library Date acquired Source of acquisition Cost, normal purchase price Total Checkouts Full call number Barcode Date last seen Date last checked out Copy number Price effective from Koha item type
        Institute of Environment Education & Research, Pune Institute of Environment Education & Research, Pune 09/12/2016 Natraj Publisher 236.00 1 EVP-1933 25/04/2024 20/02/2024 1 03/04/2023 Book